| 000 | 00490nam a2200169Ia 4500 | ||
|---|---|---|---|
| 003 | GCL | ||
| 008 | 140319s9999 xx 000 0 ara d | ||
| 040 |
_aGCL / _cGCL |
||
| 082 | 0 | 4 |
_a953.03 _bا ت |
| 245 | 1 | 0 | _aالتعبئة العسكرية فى صدر الاسلام والعهد الاموى |
| 300 | _a157 ص | ||
| 490 |
_aكتاب _v0 |
||
| 650 | 0 | 4 | _aالدولة الاموية |
| 650 | 0 | 4 | _aالحياة العسكرية |
| 650 | 0 | 4 | _aالجيوش - تاريخ |
| 942 |
_2ddc _cBK |
||
| 999 |
_c43072 _d43072 |
||